00698nam a2200241 a 4500001001300000003000900013005001700022008004100039020002200080082001600102100002000118245003300138260004500171300000900216500003500225505001000260650002100270700002000291902000800311942000700319952011500326999001500441nice12345678IN_TiNIC20260116013020.0050524s1983 dela grp 000 0 eng  a0706959 c6000a954.91bBHU aBhutto, Benazir aPakistan the Gathering Storm aDelhi bVikas Pub House Pvt. Ltd. c1983 a116p aincludes index and biblioraphy2 aIndex aPakistan-History1 aBhutto, Benazir bSRS cBK 001040708StackRoom-aHMIbHMId2007-04-12g60.00l0o954.91 BHUp013248r2007-04-12v60.00w2005-05-24yBK c9286d9286